Obrazové dějiny první světové války /

Hlavní autor: Wiest, Andy, 1960-
Další autoři: Pazdera, David, 1973-, Kopička, Karel, 1950-
Jazyk: Čeština
Vydáno: Praha : Euromedia Group - Knižní klub, 2008
Vydání: 2. vyd.
Edice: Universum (Knižní klub)
Témata:
Externí odkaz: Digitalizovaný dokument
Fyzický popis: 264 s. : il. (některé barev.), mapy, portréty ; 31 cm
Knihy
Uloženo v:
LEADER 02066nam a2200553 a 4500
001 nkc20081815518
003 CZ PrNK
005 20201207092042.0
007 ta
008 081006s2008 xr abc e 001 0 cze
015 |a cnb001815518 
020 |a 978-80-242-2056-7  |q (váz.) 
035 |a (OCoLC)271610536 
040 |a ABA001  |b cze 
041 1 |a cze  |h eng 
045 |a x1x1 
072 7 |a 94(100)  |x Světové dějiny  |2 Konspekt  |9 8 
080 |a 94(100)"1914/1918"  |2 MRF 
080 |a (048.8)  |2 MRF 
080 |a (084.11)  |2 MRF 
080 |a (084.12)  |2 MRF 
100 1 |a Wiest, Andy,  |d 1960-  |7 xx0013114  |4 aut 
245 1 0 |a Obrazové dějiny první světové války /  |c Andy Wiest ; [přeložil Karel Kopička ; redigoval a kapitolu První světová válka a České země napsal David Pazdera] 
250 |a 2. vyd. 
260 |a Praha :  |b Euromedia Group - Knižní klub,  |c 2008 
300 |a 264 s. :  |b il. (některé barev.), mapy, portréty ;  |c 31 cm 
490 1 |a Universum 
500 |a Přeloženo z angličtiny 
500 |a Chronologický přehled 
504 |a Obsahuje bibliografii a rejstřík 
648 7 |a 1914-1918  |7 ch460644  |2 czenas 
650 0 7 |a první světová válka (1914-1918)  |7 ph126327  |2 czenas 
650 0 9 |a World War (1914-1918)  |2 eczenas 
655 7 |a přehledy  |7 fd133202  |2 czenas 
655 7 |a fotografické publikace  |7 fd132276  |2 czenas 
655 7 |a obrazové publikace  |7 fd132947  |2 czenas 
655 9 |a surveys  |2 eczenas 
655 9 |a photographical works  |2 eczenas 
655 9 |a pictorial works  |2 eczenas 
700 1 |a Pazdera, David,  |d 1973-  |7 js20050404012  |4 wfw 
700 1 |a Kopička, Karel,  |d 1950-  |7 xx0014434  |4 trl 
830 0 |a Universum (Knižní klub)  |0 s 
856 4 1 |u http://www.digitalniknihovna.cz/mzk/uuid/uuid:ed59d4a0-499a-11ea-81b3-005056827e52  |y Digitalizovaný dokument  |x NDK 
910 2 |a BOA001  |b 4-1212.348 
928 9 |a Knižní klub 
990 |a BK 
995 |a 01 
991 |b 200810  |c NOV 
996 6 |b 2610357777  |c 4-1212.348  |l MZK  |r Sklad / do 1 hodiny  |n 0  |p p.v.  |w 000915540  |u 000010  |a 1  |e BOA001  |j MZK50  |s P